Analysis of dynamic behavior of the back-toback High Voltage Direct Current link model as part of electrical power system; MATEC Web of Conferences; Vol. 141 : Smart Grids 2017
| Parent link: | MATEC Web of Conferences Vol. 141 : Smart Grids 2017.— 2017.— [01046, 4 p.] |
|---|---|
| Hovedforfatter: | |
| Institution som forfatter: | |
| Andre forfattere: | , |
| Summary: | Title screen One of the main directions of the development of electric power systems is the introduction of technologies based on high-power semiconductor switches, such as FACTS devices and HVDC technologies. These systems effectively solve a number of urgent tasks of EPS, connected with asynchronous connection of EPS, transmission of electricity, improve local and systemic flexibility and reliability of EPS, increasing the capacity of network elements that contains a "weak" connection. However, the implementation and operation of mentioned technologies in the EPS determines the need for a wide range of analysis and research that can only be done with the help of mathematical modeling. |
| Sprog: | engelsk |
| Udgivet: |
2017
|
| Fag: | |
| Online adgang: | https://doi.org/10.1051/matecconf/201714101046 http://earchive.tpu.ru/handle/11683/46035 |
| Format: | MixedMaterials Electronisk Book Chapter |
| KOHA link: | https://koha.lib.tpu.ru/cgi-bin/koha/opac-detail.pl?biblionumber=657322 |
MARC
| LEADER | 00000nla2a2200000 4500 | ||
|---|---|---|---|
| 001 | 657322 | ||
| 005 | 20240112093711.0 | ||
| 035 | |a (RuTPU)RU\TPU\network\23824 | ||
| 035 | |a RU\TPU\network\23822 | ||
| 090 | |a 657322 | ||
| 100 | |a 20180123a2017 k y0engy50 ba | ||
| 101 | 0 | |a eng | |
| 105 | |a y z 100zy | ||
| 135 | |a drcn ---uucaa | ||
| 181 | 0 | |a i | |
| 182 | 0 | |a b | |
| 200 | 1 | |a Analysis of dynamic behavior of the back-toback High Voltage Direct Current link model as part of electrical power system |f V. Rudnik, N. Desyukov, R. A. Ufa | |
| 203 | |a Text |c electronic | ||
| 300 | |a Title screen | ||
| 320 | |a [References: 11 tit.] | ||
| 330 | |a One of the main directions of the development of electric power systems is the introduction of technologies based on high-power semiconductor switches, such as FACTS devices and HVDC technologies. These systems effectively solve a number of urgent tasks of EPS, connected with asynchronous connection of EPS, transmission of electricity, improve local and systemic flexibility and reliability of EPS, increasing the capacity of network elements that contains a "weak" connection. However, the implementation and operation of mentioned technologies in the EPS determines the need for a wide range of analysis and research that can only be done with the help of mathematical modeling. | ||
| 461 | 0 | |0 (RuTPU)RU\TPU\network\4526 |t MATEC Web of Conferences | |
| 463 | 0 | |0 (RuTPU)RU\TPU\network\23742 |t Vol. 141 : Smart Grids 2017 |o The Fifth International Youth Forum, October 9-13, 2017, Tomsk, Russia |o [proceedings] |f National Research Tomsk Polytechnic University (TPU) ; eds. A. A. Kozyreva, A. O. Zhdanova, G. V. Kuznetsov |v [01046, 4 p.] |d 2017 | |
| 610 | 1 | |a электронный ресурс | |
| 610 | 1 | |a труды учёных ТПУ | |
| 610 | 1 | |a динамическое поведение | |
| 610 | 1 | |a обратные связи | |
| 610 | 1 | |a высокое напряжение | |
| 610 | 1 | |a электропитание | |
| 610 | 1 | |a энергосистемы | |
| 610 | 1 | |a полупроводниковые коммутаторы | |
| 610 | 1 | |a математическое моделирование | |
| 610 | 1 | |a пропускная способность | |
| 610 | 1 | |a электричество | |
| 700 | 1 | |a Rudnik |b V. |g Vladimir | |
| 701 | 1 | |a Desyukov |b N. |g Nikita | |
| 701 | 1 | |a Ufa |b R. A. |c specialist in the field of electric power engineering |c Associate Professor of Tomsk Polytechnic University, Candidate of Technical Sciences |f 1988- |g Ruslan Alexandrovich |3 (RuTPU)RU\TPU\pers\32883 |9 16731 | |
| 712 | 0 | 2 | |a Национальный исследовательский Томский политехнический университет (ТПУ) |b Инженерная школа энергетики (ИШЭ) |b Отделение электроэнергетики и электротехники (ОЭЭ) |3 (RuTPU)RU\TPU\col\23505 |
| 801 | 2 | |a RU |b 63413507 |c 20180426 |g RCR | |
| 856 | 4 | |u https://doi.org/10.1051/matecconf/201714101046 | |
| 856 | 4 | |u http://earchive.tpu.ru/handle/11683/46035 | |
| 942 | |c CF | ||